Adriatic (Record no. 111685)
[ view plain ]
| 000 -LEADER | |
|---|---|
| fixed length control field | 00545 a2200181 4500 |
| 005 - DATE AND TIME OF LATEST TRANSACTION | |
| control field | 20250204105012.0 |
| 008 - FIXED-LENGTH DATA ELEMENTS--GENERAL INFORMATION | |
| fixed length control field | 250123b |||||||| |||| 00| 0 eng d |
| 020 ## - INTERNATIONAL STANDARD BOOK NUMBER | |
| International Standard Book Number | 9780399591051 |
| 080 ## - UNIVERSAL DECIMAL CLASSIFICATION NUMBER | |
| Universal Decimal Classification number | 820-992 |
| Item number | KAP/A |
| 100 ## - MAIN ENTRY--PERSONAL NAME | |
| Personal name | Kaplan, Robert D. |
| 245 ## - TITLE STATEMENT | |
| Title | Adriatic |
| Remainder of title | :a concert of civilizations at the end of the modern age |
| 260 ## - PUBLICATION, DISTRIBUTION, ETC. (IMPRINT) | |
| Name of publisher, distributor, etc | Random House |
| Place of publication, distribution, etc | New York |
| Date of publication, distribution, etc | 2023 |
| 300 ## - PHYSICAL DESCRIPTION | |
| Extent | xix,340p. |
| 653 ## - INDEX TERM--UNCONTROLLED | |
| Uncontrolled term | Travelogue - Kaplan, Robert D. |
| 653 ## - INDEX TERM--UNCONTROLLED | |
| Uncontrolled term | Adriatic Sea Region - Travel |
| 653 ## - INDEX TERM--UNCONTROLLED | |
| Uncontrolled term | Adriatic Sea Region - History |
| 942 ## - ADDED ENTRY ELEMENTS (KOHA) | |
| item type | Books |
| Lost status | Source of classification or shelving scheme | Not for loan | Home library | Current library | Date acquired | Cost, normal purchase price | Total Checkouts | Full call number | Barcode | Date last seen | Cost, replacement price | Price effective from | Koha item type |
|---|---|---|---|---|---|---|---|---|---|---|---|---|---|
| Universal Decimal Classification | University Library | University Library | 06/11/2023 | 559.20 | 820-992 KAP/A | 00094752 | 06/11/2023 | 699.00 | 06/11/2023 | Books |
